| 000 | 01323cam a22003374a 4500 | ||
|---|---|---|---|
| 999 |
_c3751 _d3751 |
||
| 001 | 13606606 | ||
| 003 | GZU | ||
| 005 | 20201210151414.0 | ||
| 008 | 040526s2004 enk b 001 0 eng | ||
| 010 | _a 2004051507 | ||
| 020 | _a9780230554313 | ||
| 040 |
_aDLC _cDLC _dDLC |
||
| 042 | _apcc | ||
| 050 | 0 | 0 |
_aHQ1090 _bGAL 2004 |
| 100 | 1 | _aGalasiński, Dariusz. | |
| 245 | 1 | 0 |
_aMen and the language of emotions / _cDariusz Galasiński. |
| 260 |
_aHoundmills, Basingstoke, Hampshire ; _aNew York : _bPalgrave Macmillan, _c2004. |
||
| 300 |
_aix, 172 p. ; _c23 cm. |
||
| 504 | _aIncludes bibliographical references (p. 157-169) and index. | ||
| 650 | 0 |
_aMen _xPsychology. |
|
| 650 | 0 |
_aMen _xIdentity. |
|
| 650 | 0 | _aEmotions. | |
| 650 | 0 | _aMasculinity. | |
| 650 | 0 |
_aMen _xLanguage. |
|
| 856 | 4 | 2 |
_3Contributor biographical information _uhttp://www.loc.gov/catdir/bios/hol059/2004051507.html |
| 856 | 4 | 2 |
_3Publisher description _uhttp://www.loc.gov/catdir/description/hol053/2004051507.html |
| 856 | 4 | 1 |
_3Table of contents _uhttp://www.loc.gov/catdir/toc/hol052/2004051507.html |
| 906 |
_a7 _bcbc _corignew _d1 _eocip _f20 _gy-gencatlg |
||
| 942 |
_2lcc _cBK _h1090 _iGAL _kHQ |
||